000 00743nam a2200289Ia 4500
005 20260324113123.0
008 008 260324s9999 xx 000 0 eng d
020 _a9781032721347
037 _aEBOOK
040 _aCRL
040 _beng
040 _cCRL
041 _2eng
041 _aeng
084 _qCRL
100 _aBianca M. Lindorfer
_91145502
245 0 _aCosmopolitan Baroque
245 0 _bAristocratic Networks and Cultural Exchange Between Seventeenth-Century Habsburg Spain and Austria
260 _bTaylor and Francis
260 _c2024
365 _a
365 _b220
856 _uhttp://www.taylorfrancis.com/books/9781032721347
942 _cEBOOK
999 _c1734988
_d1734988